LEADER 02180nam 2200337 450 001 9910412120403321 005 20230828174642.0 035 $a(CKB)5280000000242778 035 $a(NjHacI)995280000000242778 035 $a(EXLCZ)995280000000242778 100 $a20230828d2020 uy 0 101 0 $aeng 135 $aur||||||||||| 181 $ctxt$2rdacontent 182 $cc$2rdamedia 183 $acr$2rdacarrier 200 10$aProceedings of the 13th ACM International Conference on PErvasive Technologies Related to Assistive Environments /$fFillia Makedon 210 1$aNew York, NY :$cAssociation for Computing Machinery,$d2020. 215 $a1 online resource 311 $a1-4503-7773-4 330 $aThis year, the conference theme of "PErvasive Technologies Related to Assistive Environments" takes a special meaning at this unique time in a world that is gripped by a pandemic crisis, as scientific results also bolster assistive technologies designed to meet human needs. Indeed, many of PETRA's AI based methods show compelling social applications to help build, stone by stone (PETRA means stone in Greek), new ways of life to survive in an increasingly challenging world. Results range from basic research in computer vision, machine learning, data mining, human robot interaction, and big data, to engineering applications in robotics, sensors, devices and software solutions that address physical, cognitive, and mental performance assessment and monitoring. The conference addresses the needs of both healthy individuals and persons with special needs, such as providing safe in-home care for the elderly, or persons with Dementia, Alzheimer's, Parkinson's, chronic arthritis, PTSD, low vision, autism, COPD, Traumatic Brain Injury, and other conditions. 606 $aAssistive listening systems 615 0$aAssistive listening systems. 676 $a362.4 700 $aMakedon$b Fillia$0885414 801 0$bNjHacI 801 1$bNjHacl 906 $aBOOK 912 $a9910412120403321 996 $aProceedings of the 13th ACM International Conference on PErvasive Technologies Related to Assistive Environments$93548041 997 $aUNINA LEADER 01801nam 22005771 450 001 9910790849303321 005 20230803022547.0 010 $a90-272-7136-4 035 $a(CKB)2550000001165677 035 $a(SSID)ssj0001059466 035 $a(PQKBManifestationID)11585848 035 $a(PQKBTitleCode)TC0001059466 035 $a(PQKBWorkID)11084801 035 $a(PQKB)11053655 035 $a(MiAaPQ)EBC1569527 035 $a(Au-PeEL)EBL1569527 035 $a(CaPaEBR)ebr10813548 035 $a(CaONFJC)MIL546945 035 $a(OCoLC)865032845 035 $a(EXLCZ)992550000001165677 100 $a20130701h20132013 uy 0 101 0 $aeng 135 $aurcnu|||||||| 181 $ctxt 182 $cc 183 $acr 200 10$aChinese grammar at work /$fShuanfan Huang 210 1$aAmsterdam ;$aPhiladelphia :$cJohn Benjamins Publishing Company,$d[2013] 210 4$dİ2013 215 $a1 online resource (470 pages) 225 1 $aStudies in Chinese language and discourse ;$vvolume 1 300 $aBibliographic Level Mode of Issuance: Monograph 311 $a90-272-0182-X 311 $a1-306-15694-7 320 $aIncludes bibliographical references and index. 410 0$aStudies in Chinese language and discourse ;$vv. 1. 606 $aChinese language$xGrammar$xStudy and teaching 606 $aChinese language$xGrammar 606 $aChinese philology 615 0$aChinese language$xGrammar$xStudy and teaching. 615 0$aChinese language$xGrammar. 615 0$aChinese philology. 676 $a495.15 700 $aHuang$b Xuanfan$01464616 801 0$bMiAaPQ 801 1$bMiAaPQ 801 2$bMiAaPQ 906 $aBOOK 912 $a9910790849303321 996 $aChinese grammar at work$93674362 997 $aUNINA